| 000 -ლიდერი |
| ფიქსირებული სიგრძის საკონტროლო ველი |
01908nam a22002657a 4500 |
| 003 - საკონტროლო ნომრის იდენტიფიკატორი |
| საკონტროლო ველი |
Ge_BSU |
| 005 - ბოლო ოპერაციის თარიღი და დრო |
| საკონტროლო ველი |
20190421020017.0 |
| 008 - ფიქსირებული სიგრძის მონაცემთა ელემენტები - ზოგადი ინფორმაცია |
| ფიქსირებული სიგრძის საკონტროლო ველი |
190416s2001 ge ||||| |||| 00| 0 geo d |
| 020 ## - წიგნის საერთაშორისო სტანდარტული ნომერი |
| International Standard Book Number |
9992804475 |
| 041 ## - ენის კოდი |
| Language code of text/sound track or separate title |
geo |
| 080 ## - უნივერსალური ათობითი კლასიფიკაციის ინდექსი |
| Universal Decimal Classification number |
342.4(479.22) გ-24 |
| 100 ## - მთავარი ჩანაწერი - პიროვნების სახელი |
| Personal name |
გაული, ვოლფგანგ |
| 9 (RLIN) |
195 |
| 245 ## - ცნობა სათაურის შესახებ |
| Title |
კონსტიტუციის შემუშავება და მიღება საქართველოში (1993-1995) : |
| Remainder of title |
საერთ. იურიდ. დახმარების შედეგები ტრანსფორმ. სახელმწიფოში / |
| Statement of responsibility, etc |
ვოლფგანგ გაული ; გერმანულიდან თარგმნა: კონსტანტინე კუბლაშვილმა ; ედუარდ შევარდმაძისა და ჰანს-დიტირის გენშერის შესავალი სიტყვებით. |
| 250 ## - გამოცემის ცნობა |
| Edition statement |
გერმანული გამოცემის ქართული თარგმანი |
| 264 ## - წარმოების, გამოცემის, დისტრიბუციის და სხვა ცნობები |
| გამოცემის, წარმოების, დისტრიბუციის... ადგილი |
თბილისი, |
| გამოცემის, წარმოების, დისტრიბუციის... თარიღი |
2002. |
| 300 ## - ფიზიკური აღწერა |
| Extent |
455 გვ ; |
| Dimensions |
21 სმ. |
| 500 ## - ზოგადი შენიშვნა |
| General note |
დანართები: გვ. 383-434. |
| 504 ## - BIBLIOGRAPHY, ETC. NOTE |
| Bibliography, etc |
ბიბლიოგრ. ტექსტ. შენიშვნ. და გვ. 435-455. |
| 653 ## - INDEX TERM--UNCONTROLLED |
| Uncontrolled term |
საქართველოს კონსტიტუცია |
| 653 ## - INDEX TERM--UNCONTROLLED |
| Uncontrolled term |
სამართალი |
| 700 ## - ADDED ENTRY--PERSONAL NAME |
| Personal name |
კუბლაშვილი, კონსტანტინე |
| Relator term |
მთარგმნელი |
| 9 (RLIN) |
197 |
| 700 ## - ADDED ENTRY--PERSONAL NAME |
| Personal name |
შევარდმაძე, ედუარდ |
| 9 (RLIN) |
289 |
| Relator term |
შესავალი სიტყვის ავტორი |
| 700 ## - ADDED ENTRY--PERSONAL NAME |
| Personal name |
გენშერი, ჰანს-დიტირის |
| Relator term |
შესავალი სიტყვის ავტორი |
| 9 (RLIN) |
290 |
| 942 ## - ADDED ENTRY ELEMENTS (KOHA) |
| Source of classification or shelving scheme |
|
| Koha item type |
წიგნი |